Central Library OPAC University of Rajshahi

Cutting edge technologies and microcomputer applications for developing countries : (Record no. 68800)

MARC details
000 -LEADER
fixed length control field 01151nam a2200277 a 4500
001 - CONTROL NUMBER
control field 68800
003 - CONTROL NUMBER IDENTIFIER
rucl marc code BD-RjUL
005 - DATE AND TIME OF LATEST TRANSACTION
control field 20211209081818.0
008 - FIXED-LENGTH DATA ELEMENTS--GENERAL INFORMATION
fixed length control field 170405s1988 coua b 001 0 eng d
020 ## - INTERNATIONAL STANDARD BOOK NUMBER
International Standard Book Number 18533909900 :
035 ## - SYSTEM CONTROL NUMBER
System control number (BD-RjUL)69011
040 ## - CATALOGING SOURCE
Original cataloging agency DLC
Transcribing agency DLC
Modifying agency BD-RjUL
Language of cataloging eng
041 ## - LANGUAGE CODE
Language code of text/sound track or separate title eng
082 00 - DEWEY DECIMAL CLASSIFICATION NUMBER
Classification number 004.091724
Edition number 23
Author mark and year CUT 1988
245 00 - TITLE STATEMENT
Title Cutting edge technologies and microcomputer applications for developing countries :
Remainder of title report of an Ad Hoc Panel on the use of microcomputers for developing countries /
260 ## - PUBLICATION, DISTRIBUTION, ETC. (IMPRINT)
Place of publication, distribution, etc. Boulder :
Name of publisher, distributor, etc. Westview Press,
Date of publication, distribution, etc. 1988.
300 ## - PHYSICAL DESCRIPTION
Pagination xiii, 489 p. :
Illustrations ill. ;
Size 24 cm.
504 ## - BIBLIOGRAPHY, ETC. NOTE
Bibliography, etc Includes bibliography and Index.
650 #0 - SUBJECT ADDED ENTRY--TOPICAL TERM
Topical term or geographic name as entry element High technology
Geographic subdivision Developing countries.
9 (RLIN) 203897
Topical term or geographic name as entry element Microcomputers
Geographic subdivision Developing countries.
9 (RLIN) 203898
710 2# - ADDED ENTRY--CORPORATE NAME
Corporate name or jurisdiction name as entry element National Research Council (U.S.).
Subordinate unit Board on Science and Technology for International Development.
9 (RLIN) 203899
830 ## - SERIES ADDED ENTRY--UNIFORM TITLE
Uniform title Westview special studies in science, technology, and public policy
942 ## - ADDED ENTRY ELEMENTS (KOHA)
Source of classification or shelving scheme Dewey Decimal Classification
Koha item type Books
Holdings
Lost status Source of classification or shelving scheme Damaged status Not for loan Collection code Permanent Location Current Location Shelving location Date acquired Source of acquisition Total Checkouts Full call number Date last seen Copy number Koha item type
  Dewey Decimal Classification   Not For Loan Non-fiction Central Library, University of Rajshahi Central Library, University of Rajshahi Reading Room 09/12/2021 Asia Foundation   004.091724 CUT 1988 05/04/2017 C-1 Books